Sueño de libertad : una aportación a la memoria histórica : exposición de la Asociación de Ex-presos y Represaliados Políticos Antifranquistas en Castilla-La Mancha una aportación a la memoria histórica :

ISBN: 84-7788-269-7
Descripción Física: 199 p. : il. ; 28 cm

MARC

LEADER 00000nam a2200000Ia 4500
001 16034
003 BGR
005 20260324175354.0
008 160829s9999 xx 000 0 cat d
020 |a 84-7788-269-7 
080 |a H-2-261 
110 2 |a Asociación de Expresos y Represaliados Políticos Antifranquistas  |9 55074 
245 |a Sueño de libertad :  |b  una aportación a la memoria histórica :  |b  exposición de la Asociación de Ex-presos y Represaliados Políticos Antifranquistas en Castilla-La Mancha 
260 |a [Toledo] :  |b Servicio de publicaciones de la Junta de Comunidades de Castilla - La Mancha, DL 2003 
300 |a 199 p. :  |b  il. ;  |c 28 cm 
650 |a Presos polítics  |x Espanya  |x Exposicions  |9 30053 
710 1 |a Junta de Comunidades de Castilla-La Mancha  |9 71289 
901 |a Arxiu 
942 |n 1  |2 udc  |c MON 
952 |0 0  |1 0  |4 0  |6 H2261  |7 1  |9 45234  |a Arxiu  |b Arxiu  |d 2016-12-01  |l 0  |o H-2-261  |p 16034  |r 2016-12-01 00:00:00  |w 2016-12-01  |y ARXIU 
999 |c 48308  |d 48308